The scientific revolution

Đã lưu trong:
书目详细资料
主要作者: Harman, P. M.
格式: 图书
语言:Undetermined
出版: London Methuen 1983
主题:
标签: 添加标签
没有标签, 成为第一个标记此记录!
Thư viện lưu trữ: Trung tâm Học liệu Trường Đại học Cần Thơ
LEADER 00476nam a2200181Ia 4500
001 CTU_80097
008 210402s9999 xx 000 0 und d
082 |a 509 
082 |b H287 
100 |a Harman, P. M. 
245 4 |a The scientific revolution 
245 0 |c P. M. Harman 
260 |a London 
260 |b Methuen 
260 |c 1983 
650 |a Science history,Science renaissance 
904 |i Trọng Hải 
980 |a Trung tâm Học liệu Trường Đại học Cần Thơ